| Tag |
First Indicator |
Second Indicator |
Subfields |
| LEADER |
00000cam a2200000 a 4500 |
| 001 |
in00000392012 |
| 005 |
20151011114641.0 |
| 008 |
850219s1984 bcc b 00110 eng |
| 010 |
|
|
|a 85119909
|
| 020 |
|
|
|a 0919573223
|
| 020 |
|
|
|a 0919573231 (pbk)
|
| 035 |
|
|
|a (OCoLC)12153200
|
| 035 |
|
|
|9 ABS0725AM
|
| 039 |
0 |
|
|a 2
|b 3
|c 3
|d 3
|e 3
|
| 040 |
|
|
|a DLC
|c DLC
|d TXA
|d UtOrBLW
|
| 043 |
|
|
|a n-cn---
|
| 049 |
|
|
|a TXAM
|c [A08466249]
|
| 050 |
0 |
0 |
|a HV67
|b .C65 1984
|
| 082 |
0 |
|
|a 361.3/2/091734
|2 19
|
| 100 |
1 |
|
|a Collier, Ken.
|
| 245 |
1 |
0 |
|a Social work with rural peoples :
|b theory & practice /
|c Ken Collier ; foreword by Fred L. Pincus.
|
| 264 |
|
1 |
|a Vancouver, Canada :
|b New Star Books,
|c [1984]
|
| 264 |
|
4 |
|c ©1984
|
| 300 |
|
|
|a 144 pages ;
|c 23 cm.
|
| 336 |
|
|
|a text
|b txt
|2 rdacontent
|
| 337 |
|
|
|a unmediated
|b n
|2 rdamedia
|
| 338 |
|
|
|a volume
|b nc
|2 rdacarrier
|
| 500 |
|
|
|a Includes index.
|
| 504 |
|
|
|a Bibliography: pages 133-139.
|
| 650 |
|
0 |
|a Social service, Rural.
|
| 650 |
|
0 |
|a Social service, Rural
|z Canada.
|
| 999 |
|
|
|a MARS
|
| 999 |
f |
f |
|s e753c542-da04-3d77-aeef-4f23dae76180
|i 738d0aed-f006-3e38-90be-0b0200ede662
|t 0
|
| 952 |
f |
f |
|p ric
|a Texas A&M University
|b Rellis Campus
|c Joint Library Facility
|d Remote Storage
|t 0
|e HV67 .C65 1984
|h Library of Congress classification
|i unmediated -- volume
|m A14808466249
|
| 998 |
f |
f |
|a HV67 .C65 1984
|t 0
|l Remote Storage
|